[Event "24th Kavala Open 2015"]
[Site "Kavala GRE"]
[Date "2015.08.07"]
[Round "5.8"]
[White "Borovikov,V"]
[Black "Wallace,JP"]
[Result "1-0"]
[WhiteElo "2568"]
[BlackElo "2385"]

1.d4 Nf6 2.Nf3 e6 3.c4 c5 4.d5 d6 5.Nc3 exd5 6.cxd5 g6 7.Bf4 a6 8.a4 Bg7
9.h3 O-O 10.e3 Ne8 11.Be2 Nd7 12.O-O Rb8 13.Re1 h6 14.e4 g5 15.Bh2 Qe7 16.a5 b5
17.axb6 Rxb6 18.Qc2 Ne5 19.Nxe5 Bxe5 20.Bxe5 Qxe5 21.b3 Nc7 22.Na4 Rb8 23.Nb2 Nb5
24.Nc4 Nd4 25.Qd3 Qf4 26.Bd1 Re8 27.Qe3 Qf6 28.Ra2 Bb7 29.Qg3 Rbd8 30.f3 Qe7
31.Re3 Kh8 32.Qe1 Qc7 33.Qc3 f5 34.b4 Kg8 35.bxc5 Qxc5 36.Ra5 Qa7 37.Kh2 fxe4
38.Rxe4 Rxe4 39.fxe4 Rc8 40.Qd3 Nb5 41.Bg4 Rc5 42.Be6+ Kg7 43.Rxb5 Rxb5 44.Qc3+ Kh7
45.Qf6 Ba8 46.Bf7  1-0

[Event "Slovenia Open 2015"]
[Site "Ptuj SLO"]
[Date "2015.08.07"]
[Round "5.1"]
[White "Spalir,J"]
[Black "Beliavsky,A"]
[Result "0-1"]
[WhiteElo "2325"]
[BlackElo "2627"]

1.d4 Nf6 2.c4 e6 3.Nf3 c5 4.d5 exd5 5.cxd5 d6 6.Nc3 g6 7.Bf4 Bg7 8.h3 O-O
9.e3 Na6 10.Be2 Nc7 11.O-O a6 12.a4 Rb8 13.e4 Re8 14.Nd2 b5 15.axb5 axb5
16.Bf3 h6 17.Re1 Nh7 18.Rb1 Ng5 19.Bg4 f5 20.exf5 Rxe1+ 21.Qxe1 gxf5 22.Be2 Nf7
23.Bg3 Bd7 24.Nf3 Qf6 25.Qd2 Re8 26.Bf1 Ng5 27.Qf4 Bf8 28.h4 Ne4 29.Nxe4 Rxe4
30.Qd2 f4 31.Bh2 Rb4 32.Ra1 Rxb2 33.Qd1 Bf5 34.Ra7 Ne8 35.Bxf4 Rb1 36.Qe2 Ng7
37.Qe3 Nh5 38.Bh2 c4 39.Nd2 Rb2 40.Rc7 Ng7 41.Bf4 Nh5 42.Ne4 Qg6 43.Bxd6 Bxe4
44.Bxf8 Rb1 45.f3 Bd3 46.g4 Bxf1 47.Bc5 Bh3+ 48.Kh2 Qc2+ 49.Qf2 Qxf2+ 50.Bxf2 Rb2
51.gxh5 Bf5 52.Kg3 Rd2 53.Rc5 b4 54.Rxc4 b3 55.Bd4 Rxd4 56.Rxd4 b2 57.Rb4 b1=Q
58.Rxb1 Bxb1 59.Kf4 Kf7 60.Ke5 Bc2 61.Kd6 Bf5 62.Kc7 Ke7 63.d6+ Ke8 64.Kc6 Bd7+
65.Kc7 Be6 66.Kc6 Kd8 67.f4 Ke8 68.Kc7 Bd7 69.Kb6 Kd8 70.Kc5 Be6 71.Kd4 Ke8
72.Kc5 Kd7 73.f5 Bf7 74.Kd4  0-1

[Event "3rd Famalicao Open 2015"]
[Site "Vila Nova de Famalicao POR"]
[Date "2015.08.07"]
[Round "7.9"]
[White "Fernandes,Miguel A. Murtinho"]
[Black "Pires,G"]
[Result "1/2-1/2"]
[WhiteElo "1832"]
[BlackElo "2098"]

1.d4 Nf6 2.c4 e6 3.Nf3 c5 4.d5 exd5 5.cxd5 d6 6.Nc3 g6 7.Nd2 Bg7 8.e4 O-O
9.Be2 Qe7 10.O-O Nfd7 11.Re1 Nb6 12.a4 Na6 13.Kh1 Nb4 14.f4 Rd8 15.a5 Nd7
16.Nc4 Nf8 17.Bf3 f6 18.Ra3 Rb8 19.Nb5 a6 20.Nc3 Bd7 21.e5 fxe5 22.fxe5 dxe5
23.Nxe5 Qh4 24.d6 Re8 25.Re4 Qd8 26.Qe2 Bf5 27.Qc4+ Ne6 28.d7 Rf8 29.Nxg6 hxg6
30.Rxe6 Bxe6 31.Qxe6+ Rf7 32.Bf4 Ra8 33.Bg4 Qe7 34.g3 Rd8  1/2-1/2

[Event "8th Arad Open 2015"]
[Site "Arad ROU"]
[Date "2015.08.08"]
[Round "4.2"]
[White "Petrisor,A"]
[Black "Iordachescu,V"]
[Result "0-1"]
[WhiteElo "2388"]
[BlackElo "2589"]

1.d4 Nf6 2.c4 e6 3.Nf3 c5 4.d5 d6 5.Nc3 exd5 6.cxd5 g6 7.g3 Bg7 8.Bg2 O-O
9.O-O Re8 10.Nd2 a6 11.a4 Nbd7 12.Nc4 Ne5 13.Nxe5 Rxe5 14.Bf4 Re8 15.a5 Nh5
16.Bd2 Rb8 17.Re1 b5 18.axb6 Rxb6 19.Qc2 Nf6 20.h3 Nd7 21.Nd1 Rb5 22.Bc3 h5
23.f4 Bxc3 24.Nxc3 Rb4 25.e4 c4 26.Kh2 Nc5 27.Rf1 Nd3 28.Na2 Rxb2 29.Qxc4 Nc5
30.Rab1 Rxg2+ 31.Kxg2 Rxe4 32.Qc2 Bf5 33.Qb2 Ra4 34.Rbd1 Rc4 35.Rd2 Qc8 36.g4 hxg4
37.hxg4 Bd3 38.Kf3 Bxf1 39.Rh2 Rxf4+  0-1

[Event "8th Arad Open 2015"]
[Site "Arad ROU"]
[Date "2015.08.09"]
[Round "6.16"]
[White "Enchev,I"]
[Black "Kutnik,A"]
[Result "1-0"]
[WhiteElo "2420"]
[BlackElo "2106"]

1.d4 c5 2.d5 e6 3.c4 exd5 4.cxd5 d6 5.Nc3 Nf6 6.Nf3 Be7 7.Bf4 O-O 8.h3 Na6
9.e4 Nc7 10.Bd3 Re8 11.O-O a6 12.Re1 Nd7 13.Qd2 f6 14.Nh2 Ne5 15.Be2 b5 16.Bg3 Bf8
17.b3 g6 18.f4 Nf7 19.Bd3 Bg7 20.Nf3 Bd7 21.Rac1 b4 22.Nd1 a5 23.Nf2 a4 24.Bc4 axb3
25.axb3 Nb5 26.e5 fxe5 27.fxe5 dxe5 28.d6 Nd4 29.Nxe5 Be6 30.Nxf7 Kxf7 31.Bxe6+ Nxe6
32.Qd5 c4 33.Rxc4 Ra5 34.Qb7+ Kg8 35.Rxe6 Ra1+ 36.Kh2 Bf8 37.Rxe8 Qxe8 38.Qd5+  1-0

[Event "24th Kavala Open 2015"]
[Site "Kavala GRE"]
[Date "2015.08.09"]
[Round "7.20"]
[White "Nilssen,J"]
[Black "Barsegyan,H"]
[Result "0-1"]
[WhiteElo "2300"]
[BlackElo "2240"]

1.d4 Nf6 2.c4 c5 3.d5 e6 4.Nc3 exd5 5.cxd5 d6 6.Nf3 g6 7.Nd2 Bg7 8.e4 O-O
9.Be2 Na6 10.O-O Nc7 11.a4 Nfe8 12.Nc4 b6 13.Ra3 f5 14.exf5 Rxf5 15.Ne3 Rf8
16.Kh1 Rb8 17.f4 a6 18.Ne4 b5 19.axb5 Nxb5 20.Ra2 Nec7 21.Bd3 Nd4 22.Nc4 Ncb5
23.Ng5 Bh6 24.Bd2 Bxg5 25.fxg5 Rxf1+ 26.Qxf1 Bb7 27.Bf4 Qd7 28.Qf2 Rf8 29.Qe3 Qg4
30.Bg3 Qd1+ 31.Be1 Bxd5 32.Rxa6 Nc7 33.Rxd6 Nc2 34.Qxc5 Qxd3  0-1

[Event "4th Washington Int 2015"]
[Site "Rockville USA"]
[Date "2015.08.10"]
[Round "5.7"]
[White "Chandra,Akshat"]
[Black "Hilby,Craig"]
[Result "1-0"]
[WhiteElo "2496"]
[BlackElo "2366"]

1.d4 Nf6 2.c4 e6 3.Nf3 c5 4.d5 exd5 5.cxd5 d6 6.Nc3 g6 7.Bf4 a6 8.a4 Bg7
9.h3 O-O 10.e3 Qe7 11.Be2 Nbd7 12.O-O Ne8 13.e4 Rb8 14.Qd2 Nc7 15.Rfb1 b5
16.axb5 Nxb5 17.Bxb5 axb5 18.b4 f5 19.Ng5 cxb4 20.Rxb4 Nc5 21.Re1 Na6 22.exf5 Qc7
23.f6 Bxf6 24.Nce4 Bxg5 25.Bxg5 Nxb4 26.Nf6+ Rxf6 27.Bxf6 Qf7 28.Bb2 Nxd5
29.Qd4 Nf6 30.Qxd6 Rb7 31.Bxf6 Rd7 32.Qb6 Bb7 33.Ba1 Rd2 34.Qe3 Rd8 35.Qe5 Kf8
36.Qh8+ Qg8 37.Qf6+  1-0

[Event "8th Arad Open 2015"]
[Site "Arad ROU"]
[Date "2015.08.11"]
[Round "8.13"]
[White "Dobrov,V"]
[Black "Dolana,A"]
[Result "1-0"]
[WhiteElo "2527"]
[BlackElo "2293"]

1.d4 Nf6 2.c4 e6 3.Nf3 c5 4.d5 exd5 5.cxd5 d6 6.Nc3 g6 7.Bf4 a6 8.e4 b5 9.Qe2 Be7
10.Qc2 O-O 11.a4 b4 12.Nd1 Re8 13.Be2 Bf8 14.Nd2 Nbd7 15.Be3 Ne5 16.h3 h6
17.O-O g5 18.f4 gxf4 19.Bxf4 Ng6 20.Bh2 Nxd5 21.Qb3 Nf6 22.Bc4 Be6 23.Ne3 Bxc4
24.Ndxc4 Rxe4 25.Rad1 Re6 26.Nd5 Nxd5 27.Rxd5 Ra7 28.Qd3 Rd7 29.a5 Qe8 30.Bg3 Re2
31.b3 Qe4 32.Qxe4 Rxe4 33.Rfd1 Bg7 34.Bxd6 Bd4+ 35.Kh1 Nf4 36.Rf5 Ne2 37.Rd3 Re6
38.Bb8  1-0

[Event "23rd Poznan Open 2015"]
[Site "Poznan POL"]
[Date "2015.08.13"]
[Round "4.28"]
[White "Niemier,Hubert"]
[Black "Szelag,Zuzanna"]
[Result "0-1"]
[WhiteElo "1531"]
[BlackElo "1733"]

1.d4 Nf6 2.c4 e6 3.Nc3 c5 4.d5 exd5 5.cxd5 d6 6.Nf3 g6 7.Nd2 Bg7 8.e4 O-O
9.Bd3 Re8 10.O-O Na6 11.a3 Nc7 12.a4 Na6 13.Nc4 Nb4 14.Bb1 a6 15.a5 Qc7 16.Re1 Nd7
17.Na4 Ne5 18.Nab6 Rb8 19.Bf4 Bd7 20.Nxd7 Qxd7 21.Bxe5 Bxe5 22.Qa4 Qe7 23.Qb3 Bd4
24.Rf1 Qf6 25.Bc2 Re7 26.Rad1 Rbe8 27.Bb1 Be5 28.g3 h5 29.Kg2 h4 30.f4 Bd4
31.e5 dxe5 32.fxe5 Qg5 33.Rxd4 cxd4 34.Qxb4 Rd7 35.Nb6 Rde7 36.Qxd4 hxg3
37.hxg3 Rxe5 38.Qf4 Re2+ 39.Rf2 Rxf2+ 40.Qxf2 Re3 41.Ba2 Qe5 42.Bc4 Qe4+
43.Kh2 Re1 44.Qg2 Qf5 45.g4 Qf4+  0-1

[Event "23rd Poznan Open 2015"]
[Site "Poznan POL"]
[Date "2015.08.13"]
[Round "4.10"]
[White "Schmidt,Wl"]
[Black "Praczukowski,Stanislaw"]
[Result "1/2-1/2"]
[WhiteElo "2325"]
[BlackElo "1990"]

1.d4 Nf6 2.c4 c5 3.d5 e6 4.Nc3 exd5 5.cxd5 d6 6.Nf3 g6 7.Nd2 Bg7 8.e4 O-O
9.Be2 Re8 10.O-O Nbd7 11.a4 Ne5 12.Ra3 Bg4 13.f4 Bxe2 14.Qxe2 Ned7 15.Qf3  1/2-1/2

[Event "2nd Prague Summer Open"]
[Site "Prague CZE"]
[Date "2015.08.13"]
[Round "8.18"]
[White "Zhylkaidarova,S"]
[Black "Schleich,Mar"]
[Result "1/2-1/2"]
[WhiteElo "2145"]
[BlackElo "2238"]

1.d4 Nf6 2.c4 c5 3.d5 e6 4.Nc3 exd5 5.cxd5 d6 6.Nf3 g6 7.e4 Bg7 8.Be2 O-O
9.Nd2 Re8 10.O-O Nbd7 11.h3 a6 12.a4 Qe7 13.Re1 g5 14.Nc4 h6 15.a5 Ne5 16.Nb6 Rb8
17.Qc2 Ng6 18.Bd2 Nd7 19.Nxc8 Rbxc8 20.Bg4 Rc7 21.Nd1 Nde5 22.Bf5 Nf4 23.Ne3 Ned3
24.Reb1 Ne2+ 25.Kf1 Ndf4 26.Bc3 Nd4 27.Bxd4 Bxd4 28.Nc4 Qf6 29.Ra3 Be5 30.Rf3 Qg7
31.Ne3 Bd4 32.Nc4 Be5 33.Ne3 Bd4 34.Nc4  1/2-1/2

[Event "5th Split Open 2015"]
[Site "Split CRO"]
[Date "2015.08.13"]
[Round "6.5"]
[White "Doric,D"]
[Black "Ziegler,A"]
[Result "1-0"]
[WhiteElo "2473"]
[BlackElo "2294"]

1.d4 Nf6 2.c4 c5 3.d5 e6 4.Nc3 exd5 5.cxd5 d6 6.Nf3 g6 7.Bf4 a6 8.a4 Bg7
9.h3 O-O 10.e3 Re8 11.Nd2 Nbd7 12.Be2 Ne5 13.O-O Nfd7 14.Re1 b6 15.Bg3 f5
16.Bf1 Nf6 17.Ra3 Nf7 18.Rb3 Rb8 19.Bd3 Bh6 20.f4 Kh8 21.Nf3 Qc7 22.Bh4 Bg7
23.Nd2 Nh6 24.Qe2 Bb7 25.Bc4 Nhg8 26.Kh1 Ra8 27.Qd3 Bc8 28.Ra3 Qe7 29.Raa1 h6
30.Kg1 Qf7 31.Rab1 Ra7 32.b4 cxb4 33.Rxb4 Nd7 34.e4 g5 35.fxg5 hxg5 36.Bxg5 Rc7
37.Qg3 Qh5 38.Rb3 Bd4+ 39.Kh1 Ne5 40.Ne2 Rg7 41.Nxd4 Rxg5 42.Be2 Qh6  1-0

[Event "TCh-POR Div1 Final 2015"]
[Site "Matosinhos POR"]
[Date "2015.08.19"]
[Round "5.1"]
[White "Ferreira,Jor1"]
[Black "Silva,Luis"]
[Result "1/2-1/2"]
[WhiteElo "2447"]
[BlackElo "2334"]

1.d4 Nf6 2.c4 c5 3.d5 e6 4.Nc3 exd5 5.cxd5 d6 6.Nf3 g6 7.Bf4 Bg7 8.Qa4+ Bd7
9.Qb3 Qc7 10.e4 O-O 11.Nd2 Nh5 12.Be3 f5 13.exf5 Bxf5 14.Be2 Nf6 15.h3 Na6
16.a3 Rab8 17.O-O Qd8 18.Nb5 Nc7 19.Nxa7 Nfxd5 20.Bc4  1/2-1/2

[Event "VMCG Open A 2015"]
[Site "Lueneburg GER"]
[Date "2015.08.21"]
[Round "7.9"]
[White "Beeck,Mats"]
[Black "Bach,Mat"]
[Result "0-1"]
[WhiteElo "2150"]
[BlackElo "2236"]

1.d4 Nf6 2.c4 c5 3.d5 e6 4.Nc3 exd5 5.cxd5 d6 6.Nf3 g6 7.Bf4 Bg7 8.Qa4+ Bd7
9.Qb3 b5 10.Nxb5 Bxb5 11.Qxb5+ Nbd7 12.Qd3 O-O 13.Bxd6 Re8 14.Bf4 Ne4 15.g3 Bxb2
16.Rd1 Bc3+ 17.Bd2 c4 18.Qc2 Nxd2 19.Nxd2 Qa5 20.Bh3 Nf6 21.Kf1 Bxd2 22.Rxd2 Ne4
23.Rd4 Nc3 24.e4 Nb5 25.Rxc4 Na3 26.Rc5 Qb4 27.Qc1 Qxe4 28.Kg1 Qb4 29.Rc3 Nb1
30.Re3 Nd2 31.Qc3 Qb1+ 32.Kg2 Qxa2 33.Rxe8+ Rxe8 34.Qd3 Nc4 35.Rc1 Ne3+ 36.Kf3 Nxd5
37.Rc2 Qa5 38.Rc8 Rxc8 39.Bxc8 Ne7 40.Qc4 Qd5+ 41.Qxd5 Nxd5 42.Ke4 Ne7 43.Bd7 f6
44.g4 f5+ 45.gxf5 Nxf5 46.Ke5 Kf7 47.Bb5 Ke7 48.h3 Nd6 49.Ba6 Nf7+ 50.Kf4 Kf6
51.h4 h5 52.Be2 Nd6 53.Kg3 Nf5+ 54.Kh3 a5 55.Bd1 Ke5 56.Ba4 Kf4 57.Be8 Ne7  0-1

[Event "World U16 Olympiad 2015"]
[Site "Ulan Bator MGL"]
[Date "2015.08.22"]
[Round "3.1"]
[White "Yu,Zong Yang"]
[Black "Lau,Xian Hui Rudolph"]
[Result "0-1"]
[WhiteElo "2230"]
[BlackElo "1895"]

1.d4 Nf6 2.c4 e6 3.Nf3 c5 4.d5 exd5 5.cxd5 d6 6.Nc3 g6 7.Bf4 a6 8.a4 Bg7
9.h3 O-O 10.e3 Qe7 11.Nd2 Nbd7 12.Nc4 Ne8 13.Be2 Rb8 14.O-O Ne5 15.Nb6 Nd7
16.Nxc8 Rxc8 17.a5 Nc7 18.Qb3 Rb8 19.Na4 Be5 20.Bxe5 Qxe5 21.Bc4 Rfd8 22.Rae1 Nf6
23.Nb6 Ne4 24.Rd1 Ne8 25.Rfe1 Ng7 26.Bd3 Nf6 27.Qc2 Nd7 28.Nc4 Qf6 29.Qc3 Qe7
30.Bc2 b5 31.axb6 Rdc8 32.Qa5 Ne5 33.Nd2 Qb7 34.f4 Nd7 35.Nc4 Ne8 36.Qd2 Nxb6
37.Na5 Qc7 38.e4 Nf6 39.Qc3 Nh5 40.Rf1 Re8 41.Nc6 Ra8 42.g4 Ng7 43.f5 Rf8
44.f6 Ne8 45.b3 Nd7 46.Ra1 Qb6 47.Kg2 Nc7 48.Qd2 Ne8 49.Qc3 Nb8 50.Ne7+ Kh8
51.h4 Qb5 52.Bd3 Qd7 53.Be2 Rg8 54.g5 Qb7 55.Bg4 Nd7 56.Nc6 Qc7 57.Rfc1 h5
58.gxh6 Kh7 59.Rf1 Qb7 60.Rf3 Rh8 61.Raf1 Rg8 62.Kh1 Nc7 63.Qe3 Nb5 64.Qf4 Rae8
65.Bxd7 Qxd7 66.Rg3 Nd4 67.Nxd4 cxd4 68.Rd1 Re5 69.Rxd4 Rc8 70.Rc4 Rxc4 71.bxc4 Qa4
72.Re3 Qxc4 73.Kg2 Rxd5 74.Qf3 Rd2+ 75.Kh3 Qe6+ 76.Kg3 Qe5+ 77.Kg4 Rh2  0-1

[Event "VMCG Open A 2015"]
[Site "Lueneburg GER"]
[Date "2015.08.23"]
[Round "9.15"]
[White "Ziese,G"]
[Black "Ramme,C"]
[Result "0-1"]
[WhiteElo "1978"]
[BlackElo "2131"]

1.d4 Nf6 2.c4 e6 3.Nf3 c5 4.d5 exd5 5.cxd5 d6 6.Nc3 g6 7.e4 Bg7 8.Bd3 O-O
9.O-O Bg4 10.h3 Bxf3 11.Qxf3 a6 12.a4 Nbd7 13.Bf4 Qc7 14.Rfe1 Nh5 15.Bh2 Ne5
16.Qd1 Nxd3 17.Qxd3 Rad8 18.f4 Bd4+ 19.Kh1 Rfe8 20.Re2 Nf6 21.Rae1 Nd7 22.Bg1 Bxg1
23.Kxg1 c4 24.Qd4 Qc5 25.Qf2 Qxf2+ 26.Kxf2 Nc5 27.Kf3 Rb8 28.Rd1 f6 29.Rd4 b5
30.axb5 axb5 31.Na2 Nb3 32.Rd1 b4 33.Nc1 Na5 34.g4 Kf7 35.h4 h6 36.e5 fxe5
37.fxe5 dxe5 38.g5 hxg5 39.hxg5 Nb7 40.Rde1 Nc5 41.Rxe5 b3 42.Rxe8 Rxe8 43.Rxe8 Kxe8
44.Ke3 Na4 45.Kd2 c3+  0-1

[Event "53rd ch-IND Challengers"]
[Site "Nagpur IND"]
[Date "2015.08.23"]
[Round "9.10"]
[White "Raghunandan,K"]
[Black "Rathnakaran,K"]
[Result "1/2-1/2"]
[WhiteElo "2221"]
[BlackElo "2417"]

1.d4 Nf6 2.c4 c5 3.d5 e6 4.Nf3 exd5 5.cxd5 d6 6.Nc3 a6 7.a4 g6 8.Bf4 Bg7
9.h3 O-O 10.e3 Re8 11.Bd3 Nh5 12.Bh2 f5 13.O-O b6 14.Qb3 Ra7 15.Nd2 Be5 16.Bxe5 dxe5
17.Nc4 Rb7 18.Be2 Qf6 19.Rfd1 Kh8 20.f4 exf4 21.Bxh5 gxh5 22.exf4 Rg8 23.Rd2 Qh4
24.Ne2 Rbg7 25.Qc3 Nd7 26.Kh2 b5 27.axb5 axb5 28.Nd6 Qf6 29.Nxc8 Rxc8 30.Ng3 Qg6
31.Re1 Rg8 32.Nf1 Nf6 33.Qf3 Ne4 34.Rde2 Qf7 35.Nd2 Rg3 36.Qf1 Qxd5 37.Nxe4 fxe4
38.Rxe4 c4 39.R1e2 Rxg2+ 40.Qxg2 Rxg2+ 41.Kxg2 b4 42.Kh2 Kg7 43.b3 c3 44.Rxb4 Qd3
45.Rg2+ Kf6 46.Rc4 h4 47.Rc5 Qe3 48.Rc4 Qc1 49.b4 Qb2 50.b5 Qb3 51.Rc6+ Kf5
52.b6 Ke4 53.b7 Kd4 54.Rc7 Qb6 55.Rgg7 Kd3 56.Rc8 Qb2+ 57.Kh1 Qb1+ 58.Kh2 Qb2+
59.Kh1 c2 60.Rxc2 Qb1+ 61.Rg1 Qxb7+ 62.Rgg2 Qf3 63.Rd2+ Ke4 64.Re2+ Kf5 65.Kh2 Qxf4+
66.Kh1 Qf1+ 67.Kh2 Qf4+ 68.Kh1 Qf1+ 69.Kh2  1/2-1/2

[Event "Open ch-MKD 2015"]
[Site "Struga MKD"]
[Date "2015.08.23"]
[Round "2.10"]
[White "Aleksovski,A"]
[Black "Nikolovski,Nikola"]
[Result "0-1"]
[WhiteElo "1970"]
[BlackElo "2235"]

1.d4 Nf6 2.c4 c5 3.d5 e6 4.Nc3 exd5 5.cxd5 d6 6.Nf3 g6 7.e4 Bg7 8.Bd3 O-O
9.O-O a6 10.a4 Bg4 11.h3 Bxf3 12.Qxf3 Nbd7 13.Bf4 Qc7 14.Rac1 Nh5 15.Bh2 Ne5
16.Qe2 Rfe8 17.g4 Nf6 18.Bxe5 Rxe5 19.f4 Ree8 20.Qf3 c4 21.Bb1 b5 22.axb5 axb5
23.Kg2 Rab8 24.b4 Nd7 25.Ne2 Ra8 26.Nc3 Qb6 27.Rf2 Bd4 28.Re2 Ra3 29.g5 Rea8
30.Rec2 Rb3 31.Qg4 Qb7 32.Na2 Raa3 33.f5 Ne5 34.Qh4 Nf3 35.Qh6 Bg7 36.Qxg7+ Kxg7
37.f6+ Kg8 38.Nc3 Ne1+  0-1

[Event "90th ch-ARG Semi-Final"]
[Site "Buenos Aires ARG"]
[Date "2015.08.24"]
[Round "7.18"]
[White "Quiroga,F"]
[Black "Balzano,I"]
[Result "0-1"]
[WhiteElo "2283"]
[BlackElo "2047"]

1.d4 Nf6 2.c4 c5 3.d5 e6 4.Nc3 exd5 5.cxd5 d6 6.Nf3 g6 7.e4 Bg7 8.Be2 O-O
9.O-O a6 10.a4 Bg4 11.h3 Bxf3 12.Bxf3 Nbd7 13.g4 Rb8 14.Bg2 b5 15.axb5 axb5
16.f4 b4 17.Ne2 h6 18.Ra7 Qb6 19.Qa4 c4+ 20.Kh1 Nc5 21.Qa5 Qxa5 22.Rxa5 Nfxe4
23.Bf3 Rfe8 24.Kg2 Nd3 25.Bxe4 Rxe4 26.Ng3 Re1 27.Ra1 Rxf1 28.Kxf1 Nxb2 29.Ne2 Nd3
30.Rb1 c3 31.Ba3 b3 32.Nxc3 Bxc3 33.Bxd6 Rb7 34.Ke2 Ne1 35.Bc5 Ng2 36.Kf3 Nh4+
37.Ke4 f5+ 38.Kd3 Bf6 39.Kc4 b2 40.d6 Ng2 41.gxf5 gxf5 42.Kd5 Nxf4+ 43.Kc6 Rb3
44.d7 Ne6 45.Kd5 Kf7 46.Bf2 Ra3 47.Kc6 Rc3+  0-1

[Event "80th ch-ESP 2015"]
[Site "Linares ESP"]
[Date "2015.08.25"]
[Round "3.13"]
[White "Moreno Trujillo,A"]
[Black "Cruz Ravina,F"]
[Result "1-0"]
[WhiteElo "2499"]
[BlackElo "2332"]

1.d4 Nf6 2.c4 c5 3.d5 e6 4.Nc3 exd5 5.cxd5 d6 6.Nf3 g6 7.Bf4 Bg7 8.e3 a6
9.Qa4+ Bd7 10.Qb3 Bc8 11.a4 Nh5 12.Bg5 Bf6 13.Bxf6 Nxf6 14.h3 b6 15.Nd2 Nbd7
16.Be2 Qe7 17.O-O O-O 18.e4 Ne8 19.Qc2 Rb8 20.Nc4 Ne5 21.b3 Ng7 22.Nxe5 Qxe5
23.f4 Qe7 24.Qd2 f6 25.Rae1 Bb7 26.Bc4 Kh8 27.g3 Qd7 28.g4 Rbe8 29.Qd3 Qc8
30.Qg3 Re7 31.Qh4 Ref7 32.f5 g5 33.Qg3 Ne8 34.h4 gxh4 35.Qxh4 Rg7 36.Kf2 Qd7
37.Rh1 Qe7 38.Qg3 Qe5 39.Rh4 Qxg3+ 40.Kxg3 Nc7 41.Reh1 Re8 42.Kf3 Rf8 43.Rh6 Rff7
44.R1h5 Ne8 45.Ne2 Kg8 46.Nf4 Nc7 47.Bd3 b5 48.axb5 axb5 49.Ne6 Nxe6 50.fxe6 Rf8
51.Bxb5 Bc8 52.Kf4 Ra7 53.Kf5  1-0

[Event "80th ch-ESP 2015"]
[Site "Linares ESP"]
[Date "2015.08.27"]
[Round "5.6"]
[White "Matnadze,A"]
[Black "Arizmendi Martinez,J"]
[Result "1/2-1/2"]
[WhiteElo "2368"]
[BlackElo "2529"]

1.d4 e6 2.c4 Nf6 3.Nf3 c5 4.d5 d6 5.Nc3 exd5 6.cxd5 g6 7.g3 Bg7 8.Bg2 O-O
9.O-O Re8 10.Bf4 Na6 11.h3 Nc7 12.a4 Ne4 13.Nxe4 Rxe4 14.Nd2 Rxf4 15.gxf4 Bxb2
16.Rb1 Bg7 17.a5 a6 18.Nc4 Nb5 19.Qd3 Bd7 20.e3 Qh4 21.Nb6 Bxh3 22.Nxa8 Bxg2
23.Kxg2 Qg4+ 24.Kh2 Qh4+ 25.Kg2 Qg4+ 26.Kh2 Qh4+ 27.Kg2 Qg4+ 28.Kh2 Qh4+
29.Kg2 Qg4+ 30.Kh2 Qh4+  1/2-1/2

[Event "Atlantis Open 2015"]
[Site "Groningen NED"]
[Date "2015.08.28"]
[Round "2.5"]
[White "Heldt,Nils-Lennart"]
[Black "Hummel,E"]
[Result "0-1"]
[WhiteElo "1895"]
[BlackElo "2301"]

1.d4 Nf6 2.c4 c5 3.d5 e6 4.Nc3 exd5 5.cxd5 d6 6.Nf3 g6 7.Bf4 Bg7 8.Qa4+ Bd7
9.Qb3 Qc7 10.h3 O-O 11.e3 Na6 12.Be2 b5 13.O-O c4 14.Qa3 Nc5 15.Nd4 Qb6 16.Ndxb5 Bxb5
17.Nxb5 Qxb5 18.Bxd6 Nfe4 19.Bxf8 Bxb2 20.Rab1 Bxa3 21.Rxb5 Kxf8 22.Ra5 Bb4
23.Rb5 a5 24.Bxc4 Nd6 25.Rc1 Nxb5 26.Bxb5 Ke7 27.Rc2 Kd6 28.Bc6 Rf8 29.Rc4 f5
30.h4 Rb8 31.a4 Ba3 32.Rc3 Rb1+ 33.Kh2 Bb2 34.Rc2 Be5+ 35.g3 Rd1 36.Rc4 Rd2
37.Kg1 Ne4 38.Bb7 Nxf2 39.Rc6+ Kd7 40.Bc8+ Kd8 41.Be6 Ne4 42.Rc8+ Ke7 43.Ra8 Bxg3
44.Ra7+ Kd6 45.Ra6+ Ke5 46.Bg8 Bf2+ 47.Kg2 Bxe3+ 48.Kf3 Kd4  0-1

[Event "80th ch-ESP 2015"]
[Site "Linares ESP"]
[Date "2015.08.28"]
[Round "6.30"]
[White "Nieves Cabanes,Jose Manuel"]
[Black "Iraneta Unzue,I"]
[Result "1-0"]
[WhiteElo "2211"]
[BlackElo "2063"]

1.d4 Nf6 2.c4 c5 3.d5 e6 4.Nc3 exd5 5.cxd5 d6 6.Nf3 g6 7.Nd2 Nbd7 8.e4 Bg7
9.Be2 O-O 10.O-O Re8 11.a4 Nb8 12.Re1 Na6 13.Bb5 Bd7 14.Bxa6 bxa6 15.Nc4 Bc8
16.Bf4 Bf8 17.Bxd6 Bxd6 18.e5 Bxe5 19.Nxe5 Ng4 20.Nxg4 Rxe1+ 21.Qxe1 Bxg4
22.Qe3 Qb6 23.h3 Bf5 24.Rd1 Rd8 25.d6 c4 26.Qe7 Rd7 27.Nd5 Rxe7 28.dxe7 Qe6
29.Nf6+ Kg7 30.e8=Q Qxf6 31.Rd8 Kh6 32.Qf8+ Kg5 33.Rd2 Bd3 34.Qc5+ Kh6 35.b3 Qc3
36.Qe3+ Kg7 37.bxc4 Qc1+ 38.Kh2 Bxc4 39.Qe5+  1-0

[Event "80th ch-ESP 2015"]
[Site "Linares ESP"]
[Date "2015.08.30"]
[Round "8.31"]
[White "Nieves Cabanes,Jose Manuel"]
[Black "Jimenez Villena,F"]
[Result "1/2-1/2"]
[WhiteElo "2211"]
[BlackElo "2116"]

1.d4 Nf6 2.Nf3 e6 3.c4 c5 4.d5 exd5 5.cxd5 d6 6.Nc3 g6 7.Nd2 Bg7 8.e4 O-O
9.Be2 Re8 10.O-O Nbd7 11.a4 a6 12.Re1 h6 13.Qc2 Rb8 14.a5 Qc7 15.h3 b5 16.axb6 Nxb6
17.Nb3 c4 18.Na5 Bd7 19.Be3 Bb5 20.Nc6 Rb7 21.Nd4 Nbd7 22.f3 Nc5 23.Bf2 Nfd7
24.Ncxb5 axb5 25.Nc6 Ne5 26.Nb4 Ra7 27.Rxa7 Qxa7 28.f4 Ned7 29.Nc6 Qa2 30.e5 dxe5
31.fxe5 Qb3 32.Qxb3 Nxb3 33.e6 fxe6 34.dxe6 Ndc5 35.e7 Nd3 36.Rd1 Nxf2 37.Kxf2 Bf6
38.Rd5 Bxe7 39.Rxb5 Bh4+ 40.g3 Bxg3+ 41.Kxg3 Rxe2 42.Rb4 Rxb2 43.Rxc4 Nd2
44.Rd4 Nf1+ 45.Kf4 Rf2+ 46.Ke5 Kg7 47.Rd7+ Rf7 48.Rxf7+ Kxf7 49.Nd8+ Ke7
50.Nc6+ Kf7 51.Nd8+ Kg7 52.Ne6+ Kf7 53.Nd8+ Ke8 54.Nc6  1/2-1/2

[Event "Portugal Open 2015"]
[Site "Oeiras POR"]
[Date "2015.08.30"]
[Round "1.7"]
[White "Ferreira,Jor1"]
[Black "Craciun,I"]
[Result "1-0"]
[WhiteElo "2447"]
[BlackElo "2025"]

1.d4 Nf6 2.c4 c5 3.d5 e6 4.Nc3 exd5 5.cxd5 d6 6.Nf3 g6 7.Bf4 Bg7 8.Qa4+ Bd7
9.Qb3 Qc7 10.e4 Nh5 11.Be3 O-O 12.Be2 Na6 13.O-O Rab8 14.Qd1 Rfe8 15.Nd2 Nf6
16.Bf4 b5 17.a4 Nb4 18.axb5 Nh5 19.Bxh5 gxh5 20.Nc4 Be5 21.Bxe5 dxe5 22.Qxh5 f6
23.Qh6 Rf8 24.f4 Nd3 25.fxe5 Nxe5 26.d6  1-0

[Event "1st Colossus Cup 2015"]
[Site "Rhodes GRE"]
[Date "2015.09.03"]
[Round "4.6"]
[White "Mamedjarova,Z"]
[Black "Ilandzis,S"]
[Result "1-0"]
[WhiteElo "2269"]
[BlackElo "2181"]

1.d4 Nf6 2.Nf3 e6 3.c4 c5 4.d5 exd5 5.cxd5 d6 6.Nc3 g6 7.e4 Bg7 8.h3 O-O
9.Bd3 b5 10.O-O c4 11.Bc2 b4 12.Nb5 a5 13.Bf4 Ne8 14.Rb1 Ba6 15.Ba4 Qb6 16.Nbd4 c3
17.Re1 cxb2 18.Rxb2 Ra7 19.Rc2 Rc7 20.Rxc7 Qxc7 21.e5 dxe5 22.Nxe5 Qb6 23.Nec6 Nxc6
24.Nxc6 Nf6 25.Be3 Qb7 26.Bc5 Ra8 27.Re7 Qc8 28.Re8+ Qxe8 29.Ne7+ Kh8 30.Bxe8 Rxe8
31.Qa4 Bb7 32.d6 Bc8 33.Qxa5 Be6 34.Qxb4 Bxa2 35.Bd4 Be6 36.Qc3 Nh5 37.g4 Bxd4
38.Qxd4+ Ng7 39.Nc6 Bd7 40.Ne5 Be6 41.d7 Rd8 42.Qb6 Rxd7 43.Qb8+  1-0

[Event "ch-ARG w 2015"]
[Site "Buenos Aires ARG"]
[Date "2015.09.09"]
[Round "6.10"]
[White "Strgacich,Aylen"]
[Black "Alvarez Brito,M"]
[Result "1-0"]
[WhiteElo "1923"]
[BlackElo "1713"]

1.d4 Nf6 2.c4 e6 3.Nf3 c5 4.d5 exd5 5.cxd5 d6 6.Nc3 Be7 7.g3 O-O 8.Bg2 Bf5
9.Nh4 Bg4 10.h3 Bh5 11.Qb3 Na6 12.O-O Rc8 13.Qxb7 Nb4 14.Qb5 Rb8 15.Qc4 Nd7
16.Nf5 Bf6 17.g4 Bg6 18.e4 Ne5 19.Qe2 c4 20.Ne3 Nbd3 21.f4 Nxc1 22.Rfxc1 Nd3
23.Rc2 h6 24.Nxc4 Bd4+ 25.Kh1 Nb4 26.Rd2 Bf6 27.a3 Na6 28.e5 dxe5 29.fxe5 Re8
30.Re1 Bg5 31.Rdd1 Nc5 32.b4 Nd7 33.e6 Qf6 34.Ne4 Bxe4 35.Bxe4 fxe6 36.dxe6 Nf8
37.Bd5 Re7 38.Qe5 Qxe5 39.Nxe5  1-0

[Event "14th Kesarovski-Stanchev"]
[Site "Sunny Beach BUL"]
[Date "2015.09.11"]
[Round "7.16"]
[White "Stefanov,Emil"]
[Black "Jackson,J"]
[Result "0-1"]
[WhiteElo "2241"]
[BlackElo "2369"]

1.d4 Nf6 2.c4 c5 3.d5 e6 4.Nc3 exd5 5.cxd5 d6 6.Nf3 g6 7.Nd2 Bg7 8.e4 O-O
9.Be2 Re8 10.O-O Nbd7 11.Kh1 Ne5 12.f3 a6 13.a4 Rb8 14.a5 b5 15.axb6 Rxb6
16.Ra2 Rb4 17.Bxa6 Bxa6 18.Rxa6 Nh5 19.b3 Nd3 20.Ne2 Qh4 21.g3 Qh3 22.Qc2 Rd4
23.Ra4 Rxd5 24.Kg1 Nb4 25.Qc4 Rg5 26.Rf2 Rge5 27.Nf1 d5 28.exd5 Nxd5 29.Ra7 Qe6
30.Ra6 Qe7 31.Ra2 Nb4 32.Rd2 Bh6 33.f4 Re4 34.Qc3 Bg7 35.Qf3 Nf6 36.Bb2 Nfd5
37.Bxg7 Kxg7 38.Nc3 Nxc3 39.Qxc3+ Kg8 40.f5 Nc6 41.f6 Qf8 42.Rd5 R4e5 43.Rxe5 Rxe5
44.Ne3 Nd4 45.b4 Qa8 46.bxc5 Qe4 47.Nf1 Ne2+ 48.Rxe2 Qxe2  0-1

[Event "TCh-FIN 2015-16"]
[Site "Finland FIN"]
[Date "2015.09.12"]
[Round "1.5"]
[White "Salo,H"]
[Black "Kosmo,S"]
[Result "1-0"]
[WhiteElo "2280"]
[BlackElo "2221"]

1.d4 Nf6 2.c4 c5 3.d5 e6 4.Nc3 exd5 5.cxd5 d6 6.Nf3 g6 7.h3 Bg7 8.e4 a6 9.a4 Nbd7
10.Bf4 Qe7 11.Be2 O-O 12.Nd2 Ne5 13.O-O Re8 14.Be3 c4 15.Bxc4 Nxc4 16.Nxc4 Bd7
17.Nb6 Rad8 18.f3 Nh5 19.Qd2 Be5 20.Nc4 Bg7 21.a5 f5 22.Bg5 Nf6 23.Rae1 Bb5
24.Nxb5 axb5 25.exf5 Qd7 26.Re6 bxc4 27.Bxf6 Bxf6 28.Rxf6 gxf5 29.Qg5+ Qg7
30.Rxf5 Rc8 31.Qd2 Kh8 32.Rf2 Rc5 33.Re2 Rg8 34.Qf4 Rxa5 35.Rf7 Ra1+ 36.Kh2 Qg5
37.Qd4+ Rg7 38.Re8+  1-0

[Event "14th Kesarovski-Stanchev"]
[Site "Sunny Beach BUL"]
[Date "2015.09.13"]
[Round "9.6"]
[White "Enchev,I"]
[Black "Jackson,J"]
[Result "1/2-1/2"]
[WhiteElo "2447"]
[BlackElo "2369"]

1.d4 Nf6 2.c4 c5 3.d5 e6 4.Nc3 exd5 5.cxd5 d6 6.Nf3 g6 7.Bf4 a6 8.a4 Bg7
9.h3 O-O 10.e3 Re8 11.Nd2 Nbd7 12.Be2 Ne5 13.O-O Nfd7 14.Bh2 f5 15.Qc2 b6
16.Rab1 Bb7 17.Rfd1 Rf8 18.f4  1/2-1/2